000 00458pab a2200181 454500
008 180718b2013 xxu||||| |||| 00| 0 eng d
100 _aChoudhary, Shubham Kumar
245 _aA review on online travel and tourism industry in Indian content
260 _c2013
300 _ap.303-310.
362 _aJan-Mar
650 _aTourism - India
650 _aTourism
700 _aSachan, Amit
773 _aProductivity
908 _aN
909 _a100675
999 _c100674
_d100674